Statistics for Top 50 NHL All-Time Assists Leaders

Click here to take the quiz!

General Stats

  • This quiz has been taken 244 times
    (235 since last reset)
  • The average score is 28 of 50

Answer Stats

HintAnswer% Correct
1963Wayne Gretzky
100%
1193Mark Messier
94%
1049Gordie Howe
91%
797Jari Kurri
88%
1063Steve Yzerman
88%
1155Jaromir Jagr
84%
885Sidney Crosby
84%
1033Mario Lemieux
81%
1169Ray Bourque
81%
1079Adam Oates
78%
1016Joe Sakic
78%
1040Marcel Dionne
78%
793Guy Lafleur
75%
1108Joe Thornton
75%
1135Paul Coffey
75%
873Phil Esposito
75%
901Bryan Trottier
72%
878Nicklas Lidstrom
69%
1249Ron Francis
69%
926Stan Mikita
69%
773Teemu Selanne
69%
742Denis Potvin
59%
830Henrik Sedin
59%
785Mats Sundin
59%
813Mike Modano
59%
964Doug Gilmour
56%
891Dale Hawerchuk
53%
956Mark Recchi
53%
934Al MacInnis
50%
781Brain Leetch
50%
865Denis Savard
47%
742Patrick Kane
47%
894Phil Housley
47%
825Alex Delvecchio
38%
852Bobby Clarke
38%
763Chris Chelios
38%
813Johnny Bucyk
38%
750Larry Robinson
38%
742Nicklas Backstrom
34%
776Jean Ratelle
31%
929Larry Murphy
31%
789Peter Stastny
31%
812Pierre Turgeon
28%
761Bernie Federko
25%
755Doug Weight
22%
734Bernie Nicholls
19%
732Rod Brind'Amour
19%
773Vincent Damphousse
13%
814Gilbert Perrault
9%
739Norm Ullman
9%

Score Distribution

Percentile by Number Answered

Percent of People with Each Score

Your Score History

You have not taken this quiz since the last reset